Paesi Più Vicini all'Italia - Uno Minuti Sprint - Statistics

Statistiche generali
  • Questo quiz è stato fatto 231 volte
  • Il punteggio medio è 14 su 20
Statistiche sulle risposte
km nazione miglia % Corretto
0 Francia 0
99%
0 Svizzera 0
98%
0 Austria 0
96%
0 Slovenia 0
93%
0 San Marino 0
89%
13 Croazia 8
87%
0 Città del Vaticano 0
86%
45 Germania 28
85%
8 Monaco 5
77%
73 Albania 45
76%
78 Grecia 49
73%
81 Malta 50
72%
153 Bosnia-Erzegovina 95
61%
68 Liechtenstein 43
57%
174 Montenegro 108
53%
144 Tunisia 89
48%
258 Kosovo 160
33%
204 Macedonia 127
33%
188 Ungheria 117
32%
230 Cèchia 143
26%
Nessun quiz corrispondente trovato
Distribuzione punteggi
Percentuale di utenti per punteggio
Percentile per numero di risposta
I tuoi punteggi nel tempo
Non hai fatto questo quiz